Geografía de Costa Rica (Registro nro. 10108)
[ vista simple ]
| 000 -CABECERA | |
|---|---|
| campo de control de longitud fija | 00626nam a22002417a 4500 |
| 005 - FECHA Y HORA DE ACTUALIZACIÓN | |
| campo de control | 20171212162741.0 |
| 008 - LONGITUD FIJA | |
| campo de control de longitud fija | 171212b xxu||||| |||| 00| 0 spa d |
| 041 ## - IDIOMA | |
| Código de idioma del texto/pista de sonido o título separado | |
| 082 ## - CLASIFICACIÓN DECIMAL DEWEY | |
| Número de clasificación | 917.286 M617g |
| 100 ## - AUTOR PERSONAL | |
| Nombre de persona | Meza Ocampo, Tobías Alberto |
| 245 ## - TÍTULO PROPIAMENTE DICHO | |
| Título | Geografía de Costa Rica |
| 260 ## - PIE DE IMPRENTA | |
| Lugar de publicación, distribución, etc. | Costa Rica |
| 260 ## - PIE DE IMPRENTA | |
| Nombre del editor, distribuidor, etc. | Tecnológico de Costa Rica |
| 260 ## - PIE DE IMPRENTA | |
| Fecha de publicación, distribución, etc. | 2001 |
| 300 ## - DESCRIPCIÓN FÍSICA | |
| Extensión | 124 páginas |
| 650 ## - Materia General | |
| Materia general | GEOGRAFÍA |
| 650 ## - Materia General | |
| Materia general | HISTORIA GEOLÓGICA |
| 650 ## - Materia General | |
| Materia general | COSTA RICA |
| 650 ## - Materia General | |
| Materia general | NICOYA |
| 650 ## - Materia General | |
| Materia general | SISMOS |
| 650 ## - Materia General | |
| Materia general | HISTORIA NATURAL |
| 942 ## - Punto de Acceso Adicional Koha | |
| Tipo de ítem Koha | Libro |
| Estado perdido | Estado dañado | No para préstamo | Biblioteca permanente | Biblioteca actual | Signatura completa | Código de barras | Tipo de ítem | Precio efectivo a partir del |
|---|---|---|---|---|---|---|---|---|
| Departamento de Biblioteca y Documentación Alfonso Chase Brenes | Departamento de Biblioteca y Documentación Alfonso Chase Brenes | 917.286 M617g | 7704 | Libro | ||||
| Departamento de Biblioteca y Documentación Alfonso Chase Brenes | Departamento de Biblioteca y Documentación Alfonso Chase Brenes | 917.286 M617g | 13481 | Libro | 12/12/2017 |